Reglamento especial de la sección de sirvientas de la Casa Provincial de Caridad
Descripción Física:
8 p. ; 22 cm
MARC
| LEADER | 00000nam a2200000Ia 4500 | ||
|---|---|---|---|
| 001 | 9115 | ||
| 008 | 160829s1887 xx 000 0 cat d | ||
| 080 | |a RF-6-51 | ||
| 245 | |a Reglamento especial de la sección de sirvientas de la Casa Provincial de Caridad | ||
| 260 | |a Barcelona : |b (Tip. de la Casa Prov. de Caridad), |c 1887 | ||
| 300 | |a 8 p. ; |c 22 cm | ||
| 610 | 2 | 0 | |a Casa de Caritat (Barcelona, Catalunya) |x Reglaments i procediment |9 54379 |
| 710 | |a Casa de Caritat (Barcelona, Catalunya) |9 52406 | ||
| 856 | 4 | |u https://media.diba.cat/diba/fitxers/arxiu/fulletons/bib_9115_1887_baixa.pdf |y Accés lliure | |
| 856 | 4 | |u https://media.diba.cat/diba/fitxers/arxiu/fulletons/bib_9115_1887_baixa.pdf |y Accés lliure | |
| 901 | |a Arxiu | ||
| 942 | |n 1 |2 udc | ||
| 952 | |0 0 |1 0 |4 0 |6 RF651 |7 1 |9 44773 |a Arxiu |b Arxiu |d 2016-12-01 |l 0 |o RF-6-51 |p 9115 |r 2016-12-01 00:00:00 |w 2016-12-01 |y ARXIU | ||
| 999 | |c 47355 |d 47355 | ||
| 900 | |a bib_9115_1887_baixa.pdf | ||